000 04480nab a2200337 i 4500
003 BR-BrBNA
005 20240416120134.0
008 240416b2013 bl.qr|pooa||| 00| 0 eng |
040 _aBR-BrBNA
_beng
072 _aF04
072 _aH10
100 _aLeite, G.L.D.
100 _aSouza, M.F.
100 _aSouza Junior, I.T.
100 _aFigueiredo, L.S.
100 _aBonfim, F.P.G.
100 _aMartins, E.R.
245 _aOrganic fertilization affecting pests and production of Lippia sidoides Cham. (Verbenacea)
500 _aPublicação on-line; 23 ref.; 5 illus.; Summaries (En, Pt)
520 _a ABSTRACT: The objective of this paper was to study the effect of four levels of organic fertilization (0, 3, 6 and 9 kg m-2) to produce the essential oil of Lippia sidoides Cham. (Verbenacea) and its pests. A higher number of red mite Tetranychus sp. (Acari: Tetranychiidae) was observed on the abaxial face of the median and basal leaves of L. sidoides plants with eight weeks of age cultivated with 6 kg m-2 of organic fertilization. On the other hand, the smallest number of this mite was noted in control (0 kg m-2). L. sidoides cultivated with 6 kg m-2 of organic fertilization produced a greater quantity of essential oil. The highest number of mealy bug Phenacoccus sp. (Hemiptera: Pseudococcidae) was observed on the apical leaves (both leaf surfaces) of L. sidoides plants with nine and ten weeks of age cultivated with 3 kg m-2 of organic fertilization. No significant effect of the organic fertilization on Aphis gossypii Glover (Hemiptera: Aphididae) was detected. However, a greater number of this aphid and of its predator Scymnus sp. (Coleoptera: Coccinelidae) was observed on the abaxial face of the bottom leaves of L. sidoides plants with eight weeks of age. The dose of organic fertilization recommended for the production of essential oil of L. Sidoides is 6 kg m-2, however, one must pay attention to the fact this dosage favors the attack by Tetranychus sp.. And, when needed, pulverization must always be directed to the lower surface of the leaf. Keywords: medicinal plants, insects, mites, family farm, competition
520 _a RESUMO: Adubação orgânica afetando a ocorrência de pragas e a produção de Óleo essencial em Lippia sidoides Cham. (Verbenacea). O objetivo deste trabalho foi avaliar o efeito de quatro níveis de adubação orgânica (0, 3, 6, e 9 kg m-2) na produção de óleo essencial de Lippia sidoides Cham. (Verbenacea) e de suas pragas. Observou-se maior número de ácaro vermelho Tetranychus sp. (Acari: Tetranychiidae) na face inferior das folhas dos terços medianos e basais das plantas de L. sidoides com oito semanas de idade cultivadas com 6 kg m-2 de adubo orgânico. Por outro lado, a menor quantidade deste ácaro foi notada na testemunha (0 kg m-2). L. sidoides cultivada com 6 kg m-2 de adubo orgânico produziu maior quantidade de óleo essencial. Observou-se maior número de cochonilhas Phenacoccus sp. (Hemiptera: Pseudococcidae) nas folhas apicais, sem distinção de face foliar, das plantas de L. sidoides com nove e 10 semanas de idade cultivadas com 3 kg m-2 de adubo orgânico. Não se detectou efeito significativo de adubo orgânico sobre Aphis gossypii Glover (Hemiptera: Aphididae). Contudo, observou-se maior número desse pulgão bem como de seu predador Scymnus sp. (Coleoptera: Coccinelidae) nas faces abaxiais das folhas basais das plantas de L. sidoides com oito semanas de idade. A dose de adubo orgânico recomendada para produção de óleo essencial de L. sidoides é de 6 kg m-2. Contudo, essa dosagem favorece o ataque de Tetranychus sp. e, quando necessário, deve-se dirigir a pulverização sempre para a face inferior da folha, local preferencial de ataque dos artrópodes. Palavras-chave: plantas medicinais, insetos, ácaros, agricultura familiar, competição
650 _aPLANTA MEDICINAL
650 _aINSETO
650 _aÁCARO
650 _aAGRICULTURA FAMILIAR
650 _aCOMPETIÇÃO BIOLÓGICA
773 0 _03543
_9314468
_dBotucatu-SP Instituto de Biociências - Departamento de Química e Bioquímica 1998
_o2024-0723
_tRevista Brasileira de Plantas Medicinais (Brazil)
_x1516-0572
_gv. 15(4) p. 551-556; (2013)
_wBR2024000486
856 _uhttps://www.scielo.br/j/rbpm/a/3xYD4LQcV9fGrPxVTwzwf3M/?format=pdf&lang=en
942 _cAnalítica
999 _c299196
_d299196